Laterna magica /

Bibliographic Details
Main Author: Heinesen, William, 1900-1991
Format: Book
Language:English
Danish
Published: Seattle : Fjord Press, 1987.
Edition:1st ed.

MARC

Tag First Indicator Second Indicator Subfields
LEADER 00000cam a2200000 a 4500
001 in00000018583
005 20151007053302.0
008 861212s1987 wau 00011 eng
010 |a  86031993  
020 |a 0940242222 (alk. paper) :  |c $15.95 
020 |a 0940242230 (pbk. : alk. paper) :  |c $7.95 
035 |a (OCoLC)15054971 
035 |9 AAB1083AM 
040 |a DLC  |c DLC  |d TXA  |d UtOrBLW 
041 1 |a eng  |a dan 
049 |a TXAM  |c [A11084381] 
050 0 0 |a PT8175.H367  |b L313 1987 
082 0 |a 839.8/1372  |2 19 
100 1 |a Heinesen, William,  |d 1900-1991. 
240 1 0 |a Laterna magica.  |l English 
245 1 0 |a Laterna magica /  |c William Heinesen ; translated from the Danish by Tiina Nunnally. 
250 |a 1st ed. 
264 1 |a Seattle :  |b Fjord Press,  |c 1987. 
300 |a 159 pages ;  |c 22 cm. 
336 |a text  |b txt  |2 rdacontent 
337 |a unmediated  |b n  |2 rdamedia 
338 |a volume  |b nc  |2 rdacarrier 
500 |a Translation of: Laterna magica. 
999 |a MARS 
999 f f |s ecbeda05-5b72-39f4-bc5a-388171e11af5  |i 108f29d5-b05f-340f-b112-44c5e986bf68  |t 0 
952 f f |p ric  |a Texas A&M University  |b Rellis Campus  |c Joint Library Facility  |d Remote Storage  |t 0  |e PT8175.H367 L313 1987  |h Library of Congress classification  |i unmediated -- volume  |m A14811084381 
998 f f |a PT8175.H367 L313 1987  |t 0  |l Remote Storage